|
|
|
|
| LEADER |
00738naa a2200193 i 4500 |
| 001 |
acta58443 |
| 005 |
20260224081030.0 |
| 008 |
190606s2015 hu o 000 spa d |
| 020 |
|
|
|a 978-615-5372-27-5
|
| 024 |
7 |
|
|a 10.14232/belvbook.2015.58518.a
|2 doi
|
| 040 |
|
|
|a SZTE Egyetemi Kiadványok Repozitórium
|b hun
|
| 041 |
|
|
|a spa
|
| 100 |
1 |
|
|a Szakály Sándor
|
| 245 |
1 |
2 |
|a A Nagy Háború
|h [elektronikus dokumentum] /
|c Szakály Sándor
|
| 260 |
|
|
|c 2015
|
| 300 |
|
|
|a 7-8
|
| 490 |
0 |
|
|a „ … kedves bajtársim kössétek be sebem” : a Nagy Háború emlékezete
|
| 695 |
|
|
|a Magyarország története - 1914-1918, Világháború - 1. - Magyarország
|
| 856 |
4 |
0 |
|u http://acta.bibl.u-szeged.hu/58443/1/a_nagy_haboru_007-008.pdf
|z Dokumentum-elérés
|